Datum a čas kvízu

32.5 Celkem bodů Celkový počet nahraných bodů na tomto kvízu bez doplňovacích otázek.
4. Pořadí na kvízu Konečné umístění týmu na tomto kvízu.

Zaznamenané odpovědi

# Otázka Odpověď Body Výsledky
1. Jak se jmenuje stránka na česk... Wikipedia 0
2. Máte doma v lednici Power Natu... viagru, erekci 1
3. Na první jarní den měla premié... LOVEní 1
4. Novou odrůdu meruněk jménem So... šarka 1
5. Obhájce hokejového titulu Kome... Martin Zaťovič 1
6. Dnešní cestovatelské téma se b... Córdoba 1
7. Jak se jmenuje velmi známý špa... Luis Buñuel 0
8. Ze hry Osvobozeného divadla Ru... Sevilla (v Seville) 0
9. Jak se jmenuje antický hrdina,... Héraklés (též Herkules) 0
10. Na obrázku vidíte radnici v př... Juan Carlos I. 0